000 00916cam a2200217 4500
001 ABS67162
008 031030n2003 000 0 eng u
035 _a(Sirsi) u124200
100 _aRogers, T.
245 _aLion Salt Works, Marston - a laser scanning case study
260 _c2003
490 _aCivil Engineering Surveyor
_v October 2003, 27-29(3)
520 _aLooks at an example of laser scanning at Lion Salt Works, Marston, Cheshire. It is the last surviving open plan salt works in the country and consequently it has been upgraded from a Grade II listed building to a scheduled ancient monument. The survey was intended as a historical record and to form the basis for a full repair specification.
590 _aABS
650 _aLASER SURVEYING
650 _aSCHEDULED ANCIENT MONUMENTS
650 _aLISTED BUILDINGS
650 _aSALT WORKINGS
690 _aGeomatics
_96242
942 _n0
999 _c73728
_d73728